Geography Quiz

Random Geography or Blitz Quiz

Bigger Than India Quiz Stats

 Plays Quiz Updated Jun 8, 2018

Challenge
Share
Tweet
Embed
Score 0/6 Timer 00:30
3 Plays Today
% Correct
Russia
97.7%
USA
94.3%
China
92.2%
Canada
92%
Brazil
80.8%
Australia
73%

You're not logged in!

Compare scores with friends on all Sporcle quizzes.
OR
Log In

You Might Also Like...

Show Comments

Extras

Top Quizzes Today


Score Distribution

Your Account Isn't Verified!

In order to create a playlist on Sporcle, you need to verify the email address you used during registration. Go to your Sporcle Settings to finish the process.

Report this User

Report this user for behavior that violates our Community Guidelines.

Details: